|
|
|
|
| LEADER |
00000ngm a22000007i 4500 |
| 001 |
IT\ICCU\UBO\3291425 |
| 003 |
ItRI |
| 005 |
20260124182819.0 |
| 008 |
071002s2002 it |||||||||||||||k|||||c |
| 028 |
4 |
2 |
|a SELD8043
|
| 040 |
|
|
|b ita
|
| 041 |
|
7 |
|a ita
|2 ISO-639-2
|
| 130 |
0 |
|
|a Benzina <film ; 2002>
|3 IT\ICCU\RAV\1106926
|
| 245 |
0 |
0 |
|a Benzina /
|c un film di Monica Lisa Stambrini ; tratto dal romanzo "Benzina" di Elena Stancanelli.
|
| 260 |
|
|
|a Roma :
|b CVC,
|c c2002
|
| 300 |
|
|
|a 1 videocassetta (VHS)(ca. 85 min.) color., son. (Dolby surround)
|
| 500 |
|
|
|a Tit. del contenitore
|
| 500 |
|
|
|a Film del 2002, prod. Italia; interpreti: Maya Sansa, Regina Orioli ... [et al.]
|
| 500 |
|
|
|a Film per tutti.
|
| 700 |
1 |
|
|a Stancanelli, Elena,
|d (1965- )
|0 IT\ICCU\RAVV\104657
|
| 700 |
1 |
|
|a Orioli, Regina
|0 IT\ICCU\RAVV\303782
|
| 700 |
1 |
|
|a Stambrini, Monica Lisa
|0 IT\ICCU\RAVV\348084
|
| 700 |
1 |
|
|a Sansa, Maya
|0 IT\ICCU\RAVV\348087
|
| 790 |
1 |
|
|a Stancanelli, Elena
|c (narratrice)
|3 IT\ICCU\SBNV\004350
|z Stancanelli, Elena (1965- )
|
| 942 |
|
|
|2 ddc
|c VM
|n 0
|
| 952 |
|
|
|0 0
|1 0
|4 0
|6 VO_746_000000000000000
|7 0
|9 26769
|a BO
|b BO
|d 2026-01-24
|i 7293
|l 0
|o VO 746
|p BO7293
|r 2026-01-24 18:28:19
|w 2026-01-24
|x [Sebina 5] [1 videocassetta]
|y VM
|z 1 videocassetta
|
| 999 |
|
|
|c 22640
|d 22640
|